Integrálny počet funkcie jednej reálnej premennej a aplikácie

Bibliographic Details
Main Authors: Mamrilla, Dušan, 1953- (Author), Vaganská, Alena (Author)
Format: Book
Language:Slovak
PhysicalDescription:122 s. grafy, sch. 26 cm
Published: Prešov Essox 2002
ISBN:8096836935
Edition:1. vyd.
Subjects:

MARC

LEADER 00000nam a2200000 a 4500
001 vtls001483532
003 SK-MaSNL
005 20260302073707.0
008 240509s2002 xo a slo
015 |a SNBA2004/10-06075 
020 |a 8096836935 
035 |a SNK000438826 
035 |a urn:nbn:sk:snk-amlsa0 
035 |a urn:nbn:sk:snk-am00cc6q 
035 |a 1851564B-8E71-4055-BFE6-E7F50947C284 
040 |a SNK  |b slo  |c SNK  |e AACR2 
041 0 |a slo 
044 |a xo  |c SK 
072 7 |a 517  |x Matematická analýza  |2 konspekt 
080 |a 517.3(075.3)  |2 2. slo 
080 |a 517.3  |2 1981 
080 |a (075.8)  |2 1981 
100 1 |a Mamrilla, Dušan,  |d 1953-  |4 aut  |9 6153 
245 1 |a Integrálny počet funkcie jednej reálnej premennej a aplikácie  |c Dušan Mamrilla, Alena Vagaská 
250 |a 1. vyd. 
260 |a Prešov  |b Essox  |c 2002 
300 |a 122 s.  |b grafy, sch.  |c 26 cm 
500 |a Sch. na tit. strane 
504 |a Bibliogr. s. 122 
650 0 7 |a počet integrálny  |x funkcie jednej premennej  |2 SNK  |9 738424 
650 0 7 |a integrálny počet funkcií jednej premennej  |2 phsnk  |9 108663 
655 7 |a Textbooks (higher)  |2 SNKPHeng  |9 276436 
655 7 |a učebnice vysokých škôl  |2 SNKPH  |9 70191 
655 7 |a učebnice  |2 SNK  |9 22521 
655 7 |a učebnice vysokých škôl  |2 SNK  |9 70191 
700 1 |a Vaganská, Alena  |4 aut  |9 738425 
919 |a 80-968369-3-5 
958 |a NB 
958 |a OND 
968 |d 51 
999 |c 1161982  |d 1163912 
952 |t P60, <03>, [BOOK], {603}  |a SNK  |b SNK  |y PREZ  |7 0  |p 17A0445664  |o snkSB 69388  |i snkKSP 13306/2004  |0 0  |1 0  |4 0  |d 2004-10-14  |f 1  |l 0  |r 2025-04-23 00:00:00  |w 2026-02-24